ბათუმის შოთა რუსთაველის სახელმწიფო უნივერსიტეტის ბიბლიოთეკა

"...კეთილგვაროვანი ოქროპირიძენი" / (ბიბ.ჩანაწერი № 62791)

000 -ლიდერი
ფიქსირებული სიგრძის საკონტროლო ველი 01043nam a22002177a 4500
003 - საკონტროლო ნომრის იდენტიფიკატორი
საკონტროლო ველი Ge_BSU
005 - ბოლო ოპერაციის თარიღი და დრო
საკონტროლო ველი 20250214171402.0
008 - ფიქსირებული სიგრძის მონაცემთა ელემენტები - ზოგადი ინფორმაცია
ფიქსირებული სიგრძის საკონტროლო ველი 250214s2025 ge ||||| |||| 00| 0 geo d
020 ## - წიგნის საერთაშორისო სტანდარტული ნომერი
International Standard Book Number 9789941509636
041 ## - ენის კოდი
Language code of text/sound track or separate title geo
080 ## - უნივერსალური ათობითი კლასიფიკაციის ინდექსი
Universal Decimal Classification number 94(479.22) ო-87
100 ## - მთავარი ჩანაწერი - პიროვნების სახელი
Personal name ოქროპირიძე, უჩა
9 (RLIN) 24374
245 ## - ცნობა სათაურის შესახებ
Title "...კეთილგვაროვანი ოქროპირიძენი" /
Statement of responsibility, etc უჩა ოქროპირიძე; რედ. ა. სონღულაშვილი, ბ. დიასამიძე.
264 ## - წარმოების, გამოცემის, დისტრიბუციის და სხვა ცნობები
გამოცემის, წარმოების, დისტრიბუციის... ადგილი თბილისი,
გამოცემის, წარმოების, დისტრიბუციის... თარიღი 2025.
300 ## - ფიზიკური აღწერა
Extent 500 გვ.:
Other physical details ილ.;
Dimensions 25 სმ.
504 ## - BIBLIOGRAPHY, ETC. NOTE
Bibliography, etc ბიბლიოგრ. გვ.494-498
653 ## - INDEX TERM--UNCONTROLLED
Uncontrolled term ოქროპირიძეთა გვარის ფორმირება–წარმოშობა
700 ## - ADDED ENTRY--PERSONAL NAME
Personal name სონღულაშვილი, ა.
Relator term რედაქტორი
9 (RLIN) 24375
700 ## - ADDED ENTRY--PERSONAL NAME
Personal name დიასამიძე, ბ.
Relator term რედაქტორი
9 (RLIN) 14024
942 ## - ADDED ENTRY ELEMENTS (KOHA)
Source of classification or shelving scheme
Koha item type წიგნი
ეგზემპლარები
ჩამოწერის სტატუსი დაკარგული ეგზემპლარის სტატუსი კლასიფიკაციის წყარო ან თაროზე გაწყობის სქემა დაზიანების სტატუსი არ გაიცემა მუდმივი მდებარეობა (დაცვის ადგილი) ამჟამინდელი ადგილსამყოფელი თაროზე განთავსების ადგილი შეძენის თარიღი ღირებულება, შესყიდვის ნორმალური ფასი სრული შენახვის შიფრი შტრიხკოდი ბოლო ოპერაციის თარიღი ეგზემპლარის მიმდევრობითი ნომერი (კეტერი?) Uniform Resource Identifier ფასის ძალაში შესვლის თარიღი ეგზემპლარის სახეობა საჯარო შენიშვნა
          ბათუმის შოთა რუსთაველის სახელმწიფო უნივერსიტეტის მთავარი ბიბლიოთეკა ბათუმის შოთა რუსთაველის სახელმწიფო უნივერსიტეტის მთავარი ბიბლიოთეკა წიგნსაცავი 2025-02-14 7.00 94(479.22) ო-87 70643 2025-02-14 70643 ნაჩუქარი 2025-02-14 წიგნი 7 ლ.